Los Años noventa: ¿Desarrollo con equidad? /
Se ve como un hecho imprescindible la renovación de los contenidos de las políticas sociales en los países en donde la crisis se ha mostrado menos fuerte o en donde los gobiernos han mostrado más voluntad política. Es necesario crear un buen diagnóstico de la situación, donde se considere el grado e...
Gespeichert in:
| 1. Verfasser: | |
|---|---|
| Weitere Verfasser: | , |
| Format: | Unbekannt |
| Veröffentlicht: |
San José:
FLACSO. CEPAL
|
| Schlagworte: | |
| Tags: |
Tag hinzufügen
Keine Tags, Fügen Sie den ersten Tag hinzu!
|
MARC
| LEADER | 00000 a2200000 04500 | ||
|---|---|---|---|
| 001 | 6213 | ||
| 003 | |||
| 008 | 991231s d | ||
| 040 | |||
| 090 | |a 115206 | ||
| 100 | |a Gurrieri, Adolfo | ||
| 245 | |a Los Años noventa: ¿Desarrollo con equidad? / |c Adolfo Gurrieri | ||
| 260 | |a San José: |b FLACSO. CEPAL | ||
| 300 | |a 378 p | ||
| 520 | |a Se ve como un hecho imprescindible la renovación de los contenidos de las políticas sociales en los países en donde la crisis se ha mostrado menos fuerte o en donde los gobiernos han mostrado más voluntad política. Es necesario crear un buen diagnóstico de la situación, donde se considere el grado específico de organización de la población por atender, sus prácticas sociales y grado de movilización, así como los recursos potenciales o reales, no permite fundar de forma adecuada ni la estrategia utilizada en la ejecución de las políticas sociales, ni la dimensión de las metas que se pueden alcanzar. Por otra parte se agrega que las políticas de participación, concertación, descentralización y priorización espacial, no son distintas de las políticas sociales y no son por ello, responsabilidad de otros sectores o ministerios. Los componentes esenciales de las políticas sociales redefinidas y sus enfoques y los instrumentos y prácticas son medios indispensables para el logro de las metas trazadas. OB/LOB | ||
| 650 | |a INDUSTRIALIZACION | ||
| 650 | |a ESTRATEGIA DEL DESARROLLO | ||
| 650 | |a SISTEMAS POLITICOS | ||
| 650 | |a PAISES EN DESARROLLO | ||
| 650 | |a MODERNIZACION | ||
| 650 | |a CAMBIO TECNOLOGICO | ||
| 650 | |a POLITICA SOCIAL | ||
| 650 | |a DESARROLLO ECONOMICO Y SOCIAL | ||
| 650 | |a POLITICA ECONOMICA | ||
| 650 | |a NEOLIBERALISMO | ||
| 650 | |a AJUSTE ESTRUCTURAL | ||
| 650 | |a CONDICIONES DE VIDA | ||
| 650 | |a POBREZA | ||
| 700 | |a Torres Rivas, Edelberto | ||
| 700 | |a coord | ||
| 999 | |c 12544 |d 12544 | ||
